| 000 | 00650nam a2200205Ii 4500 | ||
|---|---|---|---|
| 003 | JO-AjNU | ||
| 008 | 230606s9999||||xx |||||||||||||| ||und|| | ||
| 020 | _a978-0-486-65191-0 | ||
| 040 |
_aJO-AjNU _beng _erda _cJO-AjNU |
||
| 041 | _aeng | ||
| 050 | 1 | 4 | _aQA184.D47.1986 |
| 100 | 3 |
_aDettman, John w, _eauthor _91109 |
|
| 245 | 0 | 0 | _aIntroduction to linear algebra and differential eguations |
| 264 | 3 | 1 | _anew york:Dover publications.1986 |
| 300 | _a402p | ||
| 336 |
_atext _btxt _2rdacontent |
||
| 337 |
_aunmediated _bn _2rdamedia |
||
| 338 |
_avolume _bnc _2rdacarrier |
||
| 650 | 4 |
_aIntroduction to linear algebra and differential eguations _91110 |
|
| 999 |
_aE581 _c581 _d581 |
||